Илинденско-Преображенското въстание от 1903 година (Запис номер 185308)
[ съкратено ]
| 000 -Лидер | |
|---|---|
| Контролно поле с фиксирана дължина | 01681nam a2200301 c 4500 |
| 003 - Код на организацията, давaща контролен номер | |
| Контролно поле | BLK |
| 005 - Дата и час на последна редакция | |
| Контролно поле | 20220520092219.0 |
| 008 - Елементи от данни с фиксирана дължина | |
| fixed length control field | 180411b bul|||||r ||||||| ||bul|| |
| 010 ## - Наследен системен номер | |
| LC control number | KNG00194301000 |
| 040 ## - Източник на каталожния запис | |
| Идентификатор на билиотеката - собственик на записа | BLK |
| 041 ## - Код за език | |
| Код за езика на текст/звукозапис или на отделно заглавие | Български |
| Код за езика КДБФ | Български |
| Други езици | Чешки |
| -- | Английски |
| -- | Италиански |
| 080 ## - УДК | |
| Текстов определител УДК | България в началото на ХХ в. (1901-1908) |
| УДК код - определител по УДК | 94(497.2)"1901/1908" |
| УДК определител | (061.2) |
| УДК - код + определител | 94(497.2)"1901/1908"(061.2) |
| 139 ## - Редно поле | |
| Редна дума | Илинденско-Преображенското въстание от 1903 година |
| Авторски знак | Илин - И 53 |
| 245 10 - Сведения за заглавието | |
| Заглавие | Илинденско-Преображенското въстание от 1903 година |
| Подзаглавни данни | Докл. от юбилейна науч., сесия, посветена на 75-год. от въстанието |
| Редно поле (дума) | ред. кол. Христо Христов. |
| 257 ## - Страна на издаване | |
| Страна на създаване/издаване | България |
| 260 ## - Област на издателските данни | |
| Име на издателя, разпространителя и проч. | БАН |
| Година на издаване | 1983 |
| Място на издаване, разпространение и проч. | София |
| 300 ## - Физическа характеристика | |
| Страници | 228 с. |
| Размери/Мащаб | 25 см |
| 380 ## - Жанр | |
| Жанр | История |
| 500 ## - Общи забележки | |
| Забележка | Други ред. : Л. Панайотов, С. Дамянов, М. Петров, Т. Косатев. - Изд. на БАН. Инст. по история. - Текст и на англ., итал., чеш. ез. - 3 000 тир. - Библиогр. под линия. - Рез. на рус., англ., фр., нем. ез. Библиогр. под линия Рез. на рус., англ., фр., нем. ез |
| 650 #4 - Допълнително описание по предмет – тема | |
| Основно описание – тема или топоним | Илинденско въстание 1903 |
| 9 (RLIN) | 157047 |
| 650 #4 - Допълнително описание по предмет – тема | |
| Основно описание – тема или топоним | Преображенско въстание, 1903 |
| 9 (RLIN) | 275355 |
| 700 1# - Други автори (авторска отговорност) | |
| Лично име | Христов, Христо |
| Автороска отговорност (Описва отношението между автора и произведението) | ред. кол. |
| 9 (RLIN) | 363654 |
| 852 ## - Местоположение | |
| Форматна сигнатура | Цб 120901 |
| 856 4# - Електронен адрес и достъп | |
| Електронен формат | pdf - файл |
| 856 4# - Електронен адрес и достъп | |
| Електронен формат | pdf - файл |
| 999 ## - СИСТЕМНИ КОНТРОЛНИ НОМЕРА | |
| Koha biblionumber | 185308 |
| Koha biblioitemnumber | 185308 |
| 942 ## - АРТИКУЛИ | |
| Вид на библиотечния материал | Книги |
| Скрит в OPAC | Не |
| Периодичен библиозапис | Да |
| 944 ## - СЪЗДАВАНЕ И РЕДАКЦИЯ на ЗАПИСА | |
| Създаване/Редакция | Създаване |
| Дата на регистрацията/редакция | 24.10.2016 |
| Служител, извършил регистрацията/редакцията | Кети_Илиева |
| 944 ## - СЪЗДАВАНЕ И РЕДАКЦИЯ на ЗАПИСА | |
| Създаване/Редакция | Редакция |
| Дата на регистрацията/редакция | 24.10.2016 |
| Служител, извършил регистрацията/редакцията | Кети_Илиева |
| 999 ## - СИСТЕМНИ КОНТРОЛНИ НОМЕРА | |
| Koha biblioitemnumber | 185308 |
| Код за отписване | Код за изгубен артикул | Източник на класификационната схема | Код за повреда | Коз за рестрикции | Код за отдаване | Артикулен № | Име на библиотеката - собственик | Име на библиотеката, в която се намира в момента | Статус (Текущо местоположение) | Дата на вписване в системата | Местоположение - отдел | Цена в лева | Инвентарен номер | Систематично азбучна сигнатура | Баркод | Номер на екземпляра | Цена в евро | Служебна бележка | Служебен тип на артикула |
|---|---|---|---|---|---|---|---|---|---|---|---|---|---|---|---|---|---|---|---|
| Не е изгубен | Universal Decimal Classification | Не е повреден | без рестрикции | ползва се в читалня | 320947 | Регионална библиотека "Любен Каравелов" Русе | Регионална библиотека "Любен Каравелов" Русе | Хранилище | 1983-01-01 | Хранилище | 3.01 | 375161 | Цб 120901 | 120000375161 | 1 | 1.54 | Вид: Сф Дата: 01.01.1983 | Книги | |
| Изтеглен | Не е изгубен | Universal Decimal Classification | Не е повреден | без рестрикции | заемане за дома | 320948 | Регионална библиотека "Любен Каравелов" Русе | Регионална библиотека "Любен Каравелов" Русе | Заемна - подръчен фонд | 1983-01-01 | Заемна - подръчен фонд | 3.00 | 375953 | П 949.72.052/И 53 | 375953 | 2 | 1.53 | Вид: Сф Дата: 01.01.1983 Дата инв: 08.02.2018 Бележки инв: П2018 | Книги |
| Изтеглен | Не е изгубен | Universal Decimal Classification | Не е повреден | без рестрикции | заемане за дома | 320949 | Регионална библиотека "Любен Каравелов" Русе | Регионална библиотека "Любен Каравелов" Русе | Заемна - подръчен фонд | 1983-01-01 | Заемна - подръчен фонд | 3.01 | 375954 | П 949.72.052/И 53 | 375954 | 3 | 1.54 | Вид: Сф Дата: 01.01.1983 | Книги |